[Event "U1850"]
[Site "Warsingsfehn"]
[Date "2024.12.12"]
[Round "1.1"]
[White "Novag Superconstellation"]
[Black "Excalibur Igor"]
[Result "1-0"]
[WhiteElo "1819"]
[BlackElo "1826"]

1.e4 c5 2.Nf3 d6 3.d4 cxd4 4.Nxd4 Nf6 5.Nc3 e6 {*} 6.Bc4 {*} 6...e5 7.Nf3 Be6 8.Bxe6 fxe6 9.O-O Be7 10.Ng5 Qc8 11.Be3 h6 
12.Nf3 O-O 13.h3 Nbd7 14.Qd3 Nc5 15.Bxc5 Qxc5 16.Rad1 Rac8 17.a4 a6 18.Ne1 Qb4 19.Rb1 Rc4 20.Na2 Qxa4 21.Nc3 Qc6 
22.f4 Nxe4 23.Nxe4 Rxe4 24.fxe5 Rxf1+ 25.Qxf1 dxe5 26.c3 Rf4 27.Nf3 e4 28.Qc1 Rxf3 29.gxf3 exf3 30.Qf4 Bc5+ 31.Kf1 f2 
32.Rd1 Qh1+ 33.Ke2 Qg2 34.Rf1 Qxh3 35.Qe4 Qh5+ 36.Kd3 Qf7 37.Ke2 e5 38.Qg4 Kh7 39.Rd1 g6 40.Kf1 Qf6 41.Rd7+ Kh8 
42.Rc7 Bd6 43.Qc8+ Qf8 44.Qxf8+ Bxf8 45.Rxb7 Bc5 46.b4 Be3 47.c4 g5 48.c5 g4 49.c6 g3 50.c7 g2+ 51.Kxg2 f1=Q+ 
52.Kxf1 Kg7 53.c8=Q+ Kf6 54.Qd8+ Kf5 55.Qd3+ Ke6 56.Qxa6+ Kf5 57.Qd3+ Ke6 58.Qxe3 h5 59.Rb5 Kf7 60.Rxe5 Kg7 
61.Qg5+ {mit Meldung # in 2} 61...Kf8 62.Re7 h4 63.Qg7# 1-0

[Event "U1850"]
[Site "Warsingsfehn"]
[Date "2024.12.12"]
[Round "1.2"]
[White "Fidelity Prestige Challenger Budapest 4 MHz"]
[Black "Mephisto B&P"]
[Result "0-1"]
[WhiteElo "1816"]
[BlackElo "1764"]

1.b3 e5 {errechnet} 2.Bb2 Nc6 3.c4 Nf6 4.e3 {*} 4...Bb4 5.a3 Be7 6.d4 exd4 7.exd4 O-O 8.d5 Re8 9.Be2 Nb8 10.Nf3 d6 
11.O-O Na6 12.Qc2 Bg4 13.Nc3 c6 14.Ng5 Bxe2 15.Nxe2 g6 16.dxc6 bxc6 17.Nd4 c5 18.Nc6 Qd7 19.Nxe7+ Qxe7 20.Qd2 Nh5 
21.Rfe1 Qd7 22.Rad1 Rxe1+ 23.Qxe1 Re8 24.Qa5 Qc6 25.Re1 Nb4 26.Rxe8+ Qxe8 27.Bc3 Nc6 28.Qb5 Nf4 29.Bd2 Qe2 30.Nf3 Nd4 
31.Qb8+ Kg7 32.Bc3 Qd1+ 33.Ne1 Ne2+ 34.Kf1 Nxc3 35.g3 Qe2+ 36.Kg2 Nd1 37.Kh3 Nxf2+ 38.Kg2 Ne4+ 39.Kh3 Ng5+ 40.Kh4 Qh5# 0-1

[Event "U1850"]
[Site "Warsingsfehn"]
[Date "2024.12.12"]
[Round "1.3"]
[White "CXG Sphinx 40"]
[Black "Mephisto III-S Glasgow"]
[Result "0-1"]
[WhiteElo "1720"]
[BlackElo "1743"]

1.e4 e5 2.Nf3 Nf6 3.d4 exd4 4.e5 Ne4 {*} 5.Qe2 Nc5 6.Nxd4 Nc6 7.Be3 {*} 7...Nxe5 8.Nb5 Ne6 9.Nxa7 Bb4+ 10.c3 Be7 
11.Nxc8 Qxc8 12.Qh5 Ra5 13.Qh3 O-O 14.Be2 d5 15.Qf5 f6 16.Nd2 Nd4 17.Qxc8 Nc2+ 18.Kd1 Nxe3+ 19.fxe3 Rxc8 20.Nb3 Raa8 
21.Rf1 c5 22.Rf5 Rd8 23.Rh5 c4 24.Nd4 Re8 25.Bf3 Nxf3 26.gxf3 Bd8 27.Ke2 Ra5 28.a3 Bb6 29.Rg1 Ba7 30.Nf5 g6 
31.Nd4 Bxd4 32.cxd4 Rb5 33.b4 cxb3 34.a4 Ra5 35.Kd3 b2 36.Kc2 Rxe3 37.Kxb2 Rxf3 38.Kc2 Rxa4 39.Rxd5 Ra2+ 40.Kb1 Rxh2 
41.Rd8+ Kf7 42.Rd7+ Ke6 43.Rxb7 Rf4 44.Rd1 Kd6 45.Kc1 h5 46.Rb6+ Kd5 47.Rb5+ Ke6 48.Rb6+ Kf5 49.Rb5+ Kg4 50.Rg1+ Kh4 
51.d5 g5 52.Re1 g4 53.Ra5 Rd4 54.Rf1 Kg5 55.d6+ Kg6 56.Rd1 Rc4+ 57.Kb1 Rc8 58.d7 Rb8+ 59.Kc1 Rd8 60.Rd3 h4 
61.Rd4 g3 62.Rg4+ Kf7 63.Rd5 Ke6 64.Rdd4 Rh1+ 65.Kd2 h3 66.Rxg3 h2 67.Re3+ Kf7 68.Rh3 Ke7 69.Re3+ Kf8 70.Rh3 Kf7 
71.Rh7+ Ke6 72.Re4+ Kd6 73.Rd4+ Kc6 74.Rc4+ Kb7 75.Rb4+ Ka6 76.Rf4 Kb6 77.Rxf6+ Kc7 78.Ke2 Rxd7 79.Rff7 Rxf7 80.Rxf7+ 
Kd6 81.Rh7 Rc1 82.Rh6+ Ke5 83.Rh5+ Kf4 84.Rh4+ Kg3 85.Rxh2 Rc2+ 86.Kd3 Rxh2 87.Ke4 Rh5 88.Kd3 Rh4 89.Ke3 Kg2 90.Ke2 
Rh3 91.Kd2 Kf1 92.Kc2 Ke1 93.Kb1 Rh2 94.Kc1 Rd2 95.Kb1 Kd1 96.Ka1 Ke2 97.Kb1 Kd3 98.Kc1 Rh2 99.Kb1 Kc3 100.Ka1 Kb3 
101.Kb1 Rh1# 0-1

[Event "U1850"]
[Site "Warsingsfehn"]
[Date "2024.12.12"]
[Round "1.4"]
[White "SciSys Turbostar 432 KSO"]
[Black "AVE GMS Sargon 4.0"]
[Result "1-0"]
[WhiteElo "1798"]
[BlackElo "1755"]

1.c4 e5 2.Nc3 Nc6 3.Nf3 Nf6 4.e3 Bb4 5.Qc2 O-O 6.Nd5 Re8 {*} 7.Qf5 {*} 7...Nxd5 8.cxd5 d6 9.Qe4 Nd4 10.Nxd4 exd4 
11.Qxd4 Bc5 12.Qc4 a5 13.d4 Bb4+ 14.Bd2 Bxd2+ 15.Kxd2 Bg4 16.Bd3 Qg5 17.Qxc7 Qxd5 18.Bc4 Qf5 19.f3 Bxf3 20.Raf1 Rac8 
21.Bxf7+ Qxf7 22.Qxf7+ Kxf7 23.Rxf3+ Kg6 24.Rhf1 Rc7 25.Kd3 d5 26.Rg3+ Kh6 27.Rf5 Rd8 28.Rh3+ Kg6 29.Rhh5 Rcd7 
30.Rhg5+ Kh6 31.Re5 b5 32.Rh5+ Kg6 33.Reg5+ Kf6 34.Rf5+ Kg6 35.Rhg5+ Kh6 36.Re5 b4 37.Rh5+ Kg6 38.Reg5+ Kf6 39.Rf5+ Kg6 
40.Rhg5+ Kh6 41.Re5 a4 42.Rh5+ Kg6 43.Reg5+ Kf6 44.Rf5+ Kg6 45.b3 axb3 46.axb3 h6 47.Re5 Kh7 48.Rhf5 g6 49.Rf2 Rc8 
50.Rc2 Rxc2 51.Kxc2 Kg7 52.Kd3 Kf6 53.e4 dxe4+ 54.Rxe4 Rc7 55.Re3 Rc3+ 56.Kd2 Rxe3 57.Kxe3 Ke6 58.Ke4 Kd6 59.d5 h5 
60.Kd4 h4 61.Kc4 g5 62.h3 Kd7 63.Kc5 Kc7 64.Kxb4 Kd6 65.Kc4 Ke7 66.Kc5 Kd7 67.Kd4 Kd6 68.b4 Kd7 69.Ke5 Ke7 70.Kf5 Kd6 
71.Kxg5 Kxd5 72.Kxh4 Kd6 73.Kg5 Kd7 74.h4 Ke6 75.h5 Kf7 76.b5 Ke6 77.b6 Kd6 78.h6 Kc6 79.b7 Kxb7 80.g4 Kc7 
81.Kf6 Kd6 82.g5 Kd5 83.Kf7 Ke4 84.g6 Ke5 85.h7 Kf5 86.g7 Ke5 87.g8=Q Kd5 88.Kf6+ Kd4 89.h8=Q Kc5 90.Qb3 Kd4 
91.Ke6+ Ke4 92.Qe5# 1-0

[Event "U1850"]
[Site "Warsingsfehn"]
[Date "2024.12.12"]
[Round "1.5"]
[White "Mephisto Mondial II"]
[Black "Krypton Regency"]
[Result "0-1"]
[WhiteElo "1770"]
[BlackElo "1768"]

1.d4 Nf6 2.c4 e6 3.Nc3 c5 4.d5 exd5 5.cxd5 d6 {*} 6.Nf3 {*} 6...Bg4 7.e4 Nbd7 8.h3 Bh5 9.Bb5 a6 10.Bxd7+ Nxd7 
11.O-O Ne5 12.g4 Nxf3+ 13.Qxf3 Bg6 14.Bf4 Be7 15.Rad1 O-O 16.Rfe1 Bg5 17.Bxg5 Qxg5 18.Qg3 Qe7 19.f4 f6 20.Qd3 Rfe8 
21.b3 Rac8 22.Qc2 b5 23.f5 Bf7 24.Nb1 c4 25.bxc4 Rxc4 26.Qh2 Qa7+ 27.Kh1 Qc5 28.Qg2 Rc2 29.Rd2 Rc1 30.Rdd1 Rxd1 
31.Rxd1 Qc4 32.Kh2 Rxe4 33.Nd2 Qa4 34.Nb3 Re3 35.Rc1 Qf4+ 36.Kg1 h6 37.Rc8+ Kh7 38.Rc1 Rg3 39.Rc3 Rxc3 40.g5 Rg3 
41.g6+ Bxg6 42.fxg6+ Rxg6 43.Kh1 Rxg2 44.Kxg2 f5 45.h4 Qa4 46.Kg3 g5 47.hxg5 hxg5 48.Nc1 Qf4+ 49.Kg2 Qxc1 50.Kf2 Qd2+ 
51.Kg3 Qxa2 52.Kf3 b4 53.Ke3 Qxd5 54.Ke2 g4 55.Ke3 g3 56.Ke2 Qd4 57.Ke1 Qf2+ 58.Kd1 g2 59.Kc1 g1=Q# 0-1

[Event "U1850"]
[Site "Warsingsfehn"]
[Date "2024.12.12"]
[Round "2.1"]
[White "Novag Superconstellation"]
[Black "Fidelity Prestige Challenger Budapest 4 MHz"]
[Result "1/2-1/2"]
[WhiteElo "1819"]
[BlackElo "1816"]

1.e4 e6 2.d4 d5 3.Nc3 Bb4 4.e5 c5 5.a3 Bxc3+ 6.bxc3 Ne7 7.a4 Nbc6 8.Nf3 Qa5 9.Bd2 Bd7 10.Be2 c4 {*} 11.O-O {*} 11...Nd8 
12.Qc1 Nc8 13.Qa3 b5 14.axb5 Qxa3 15.Rxa3 Rb8 16.Rb1 O-O 17.Ra5 Rb6 18.h3 Nb7 19.Ra2 a5 20.Bc1 Re8 21.Rba1 Na7 22.Bd2 
Rb8 23.Bf1 Nxb5 24.Rb2 Ra8 25.Rab1 a4 26.Ra2 Rba6 27.Rab2 Ra5 28.Ra2 Nd8 29.Be2 Nc6 30.Rba1 Ne7 31.Rb1 Nf5 32.Rba1 Bc6 
33.Rb1 Ne7 34.Rba1 R5a7 35.Be1 Nf5 36.Bd2 Ra6 37.Be1 h6 38.g4 Ne7 39.g5 hxg5 40.Nxg5 Nf5 41.Bg4 Ra5 42.Kf1 Nh6 
43.Bh5 g6 44.Be2 Kg7 45.Rb1 Nf5 46.Bg4 R5a7 47.Bxf5 exf5 48.f4 a3 49.Nf3 Nc7 50.Rb4 Ne6 51.Bg3 f6 52.Rb6 Ra6 53.Rb4 Ra5 
54.Rb6 Bd7 55.Rb7 R8a7 56.Rb8 Bc6 57.exf6+ Kxf6 58.Ne5 R5a6 59.Rg8 Ng7 60.Bh4+ Ke6 61.Rb8 Nh5 62.Nxg6 Rg7 63.Rh8 Rxg6 
64.Rxh5 Ra7 65.Bf2 Be8 66.Rh8 Kf7 67.h4 Rg4 68.Be3 Ra8 69.Rh5 Kg6 70.Rg5+ Kf6 71.Rxg4 fxg4 72.Kg2 Kg6 73.Kg3 Kh5 
74.Bc1 Bg6 75.Rxa3 Rxa3 76.Bxa3 Bxc2 77.Bd6 Be4 78.Bc7 Bf5 79.Be5 Kh6 80.Bd6 Kg6 81.Bc5 Be6 82.Bb4 Bd7 83.Be7 Bf5 
84.Bg5 Be6 1/2-1/2

[Event "U1850"]
[Site "Warsingsfehn"]
[Date "2024.12.12"]
[Round "2.2"]
[White "Excalibur Igor"]
[Black "Krypton Regency"]
[Result "0-1"]
[WhiteElo "1826"]
[BlackElo "1768"]

1.d4 d5 2.c4 dxc4 3.e3 Nf6 4.Bxc4 e6 5.Nf3 c5 6.O-O a6 {*} 7.b3 {*} 7...b5 8.Be2 cxd4 9.Qxd4 Qxd4 10.exd4 Nc6 11.Bf4 Nd5 
12.Bd2 Bd6 13.a4 bxa4 14.Rc1 Bd7 15.Rxa4 Ncb4 16.Ra5 O-O 17.Bxb4 Nxb4 18.Ne5 Rfc8 19.Nc3 Be8 20.Raa1 f6 21.Nc4 Bc7 
22.Bg4 f5 23.Be2 Rd8 24.Bf3 Bc6 25.Ne2 Bxf3 26.gxf3 Nd3 27.Rd1 Nf4 28.Nxf4 Bxf4 29.Kg2 Kf7 30.h4 Kf6 31.Rd3 g6 
32.Ra5 h6 33.Ra1 Ra7 34.Ne5 Rd6 35.Nc4 Rdd7 36.Rh1 Rd8 37.Ra1 h5 38.Ra4 g5 39.hxg5+ Kxg5 40.Ne3 h4 41.Kh3 Bc7 
42.Rd1 Rh8 43.Rc1 Rh6 44.Ng2 a5 45.Rg1 Rb7 46.Rc4 Bd8 47.Nxh4+ Kh5 48.d5 Rb4 49.Rgg4 Rxc4 50.Rxc4 exd5 51.Rf4 Bxh4 
52.Rxh4+ Kg6 53.Rxh6+ Kxh6 54.f4 Kg6 55.Kg3 d4 56.Kf3 Kf6 57.Ke2 Ke6 58.Kd2 Kd6 59.Kd3 Kd5 60.f3 Kc5 61.Kd2 Kb4 
62.Kc2 Ka3 63.Kd3 Kxb3 64.Kxd4 a4 65.Ke5 Kc4 66.Kxf5 a3 67.Kg6 a2 68.f5 a1=Q 69.f6 Qg1+ 70.Kh7 Qh1+ 71.Kg7 Qg2+ 
72.Kf8 Kd5 73.Ke7 Qe2+ 74.Kf7 Qxf3 75.Ke7 Qe4+ 76.Kf8 Ke6 77.Kg7 Qg4+ 78.Kh7 Kxf6 {mit Meldung # in 2} 79.Kh6 Qh3# 0-1

[Event "U1850"]
[Site "Warsingsfehn"]
[Date "2024.12.12"]
[Round "2.3"]
[White "AVE GMS Sargon 4.0"]
[Black "Mephisto Mondial II"]
[Result "0-1"]
[WhiteElo "1755"]
[BlackElo "1770"]

1.Nf3 d5 2.c4 d4 3.g3 c5 4.Bg2 Nc6 {*} 5.d3 e5 6.O-O {*} 6...Be7 7.Qa4 Bd7 8.Na3 Nf6 9.Bd2 O-O 10.Qb5 Nb4 
11.Qxb7 Bc6 12.Qxa8 Qxa8 13.Nb5 Nxd3 14.Nxa7 Qxa7 15.exd3 Qb7 16.Nh4 Bxg2 17.Nxg2 Qxb2 18.Bg5 Ra8 19.a4 Qb3 20.Rae1 h6 
21.Bh4 Qxd3 22.Rxe5 Bd6 23.Bxf6 Bxe5 24.Bxe5 Qxc4 25.Nf4 Rxa4 26.Rb1 Ra8 27.Bd6 d3 28.Rd1 d2 29.Ng2 Qd5 30.Be7 Qe5 
31.Bh4 Ra1 32.Ne3 Rxd1+ 33.Nxd1 Qe1+ 34.Kg2 Qxd1 35.Be7 Qc2 36.Bh4 d1=Q 37.Bg5 Qe4+ 38.f3 Qdxf3+ 39.Kh3 Qg2# 0-1

[Event "U1850"]
[Site "Warsingsfehn"]
[Date "2024.12.12"]
[Round "2.4"]
[White "Mephisto III-S Glasgow"]
[Black "SciSys Turbostar 432 KSO"]
[Result "1/2-1/2"]
[WhiteElo "1743"]
[BlackElo "1798"]

1.c4 Nf6 2.d4 c5 3.d5 b5 4.cxb5 {*} 4...a6 5.Nc3 axb5 6.Nxb5 Ba6 7.Nc3 g6 8.Nf3 Bg7 9.Be3 d6 10.Bf4 O-O 
11.a3 Qb6 12.Qc2 Nbd7 13.e3 Bxf1 14.Rxf1 Rfb8 15.O-O-O Nh5 16.Ng5 Nxf4 17.exf4 Bf6 18.Rfe1 h6 19.Nf3 Kg7 20.h3 Kh7 
21.a4 Kg7 22.Re4 Kh7 23.Rde1 Re8 24.Qd3 Rab8 25.Qc2 Qb7 26.R4e2 Nb6 27.Qd3 c4 28.Qe4 Bxc3 29.bxc3 Qxd5 30.Qxd5 Nxd5 
31.Re4 Nxc3 32.Rxe7 Rb1+ 33.Kc2 Rxe1 34.Rxe1 Rxe1 35.Nxe1 Nxa4 36.Kd2 Kg7 37.Nc2 d5 38.Ne3 Nb6 39.Kc3 g5 40.fxg5 hxg5 
41.Kd4 Kg6 42.g3 Kh5 43.f3 f6 44.Kc5 Na4+ 45.Kd4 Nb6 46.Kc5 Nd7+ 47.Kxd5 c3 48.Kd4 Ne5 49.f4 gxf4 50.gxf4 Ng6 
51.f5 Nf4 52.Kxc3 Nxh3 53.Nd5 Kg5 54.Ne7 Nf4 55.Kd4 Kg4 56.Kc4 Kh4 57.Nc6 Kg5 58.Ne7 Kh5 59.Nc8 Ne2 60.Nd6 Kg4 
61.Kd5 Nf4+ 62.Ke4 Ne2 63.Kd5 Nf4+ 64.Ke4 Nh5 65.Kd5 Ng7 66.Ke4 Nh5 67.Kd5 Ng7 68.Ke4 Kg5 69.Nf7+ Kh4 70.Kf4 Nh5+ 
1/2-1/2

[Event "U1850"]
[Site "Warsingsfehn"]
[Date "2024.12.12"]
[Round "2.5"]
[White "Mephisto B&P"]
[Black "CXG Sphinx 40"]
[Result "0-1"]
[WhiteElo "1764"]
[BlackElo "1720"]

1.c4 c5 2.Nc3 Nc6 3.g3 g6 4.Bg2 Bg7 {*} 5.Nf3 Nf6 6.O-O {*} 6...O-O 7.e4 d6 8.Qe2 Bg4 9.d3 Nd4 10.Qd1 Qd7 
11.Be3 Bxf3 12.Bxf3 Nxf3+ 13.Qxf3 b6 14.d4 Ng4 15.dxc5 Nxe3 16.Qxe3 bxc5 17.Qf3 Rfb8 18.b3 Bd4 19.Rab1 Qh3 20.Nd5 
Rb7 21.Qf4 Rab8 22.Qg5 f6 23.Qf4 a6 24.a4 Kf8 25.Qf3 a5 26.Nf4 Qh6 27.Rfd1 Ke8 28.Ne2 Be5 29.Qd3 Qh5 30.f4 Bd4+ 
31.Nxd4 cxd4 32.Qxd4 Rxb3 33.Rxb3 Rxb3 34.Qd5 Qxd5 35.Rxd5 Rb4 36.Rxa5 Rxc4 37.Ra8+ Kf7 38.a5 Rxe4 39.a6 Ra4 
40.a7 Ra2 41.h4 Ke6 42.Kh1 Kd5 43.Kg1 e5 44.fxe5 fxe5 45.g4 Ra4 46.Kf2 Ke4 47.h5 Ra2+ 48.Kg3 g5 49.Kh3 d5 
50.Kg3 d4 51.Kh3 d3 52.Rd8 Rxa7 53.Kg2 Ke3 54.Rf8 Ra2+ 55.Kg3 d2 56.Rf1 Ke2 57.Rf2+ Ke1 58.Rg2 Ra3+ 59.Kh2 Rf3 
60.Rxd2 Kxd2 61.Kg2 e4 62.h6 Rf6 63.Kh3 e3 64.Kh2 e2 65.Kg2 e1=Q 66.Kh3 Qe2 67.Kg3 Rf3# 0-1

[Event "U1850"]
[Site "Warsingsfehn"]
[Date "2024.12.12"]
[Round "3.1"]
[White "Mephisto Mondial II"]
[Black "Mephisto III-S Glasgow"]
[Result "1-0"]
[WhiteElo "1770"]
[BlackElo "1743"]

1.d4 d5 2.c4 e6 3.cxd5 exd5 4.Nf3 Nf6 {*} 5.Bg5 {*} 5...Bb4+ 6.Nc3 h6 7.Bxf6 Qxf6 8.e3 Qc6 9.Rc1 O-O 10.Bd3 Be6 
11.a3 Ba5 12.b4 Bb6 13.Nb5 Qd7 14.Ne5 Qe7 15.O-O a5 16.bxa5 Rxa5 17.Qb3 Rc8 18.Rfd1 c5 19.Nc3 Qd6 20.Rb1 cxd4 
21.Ne2 Bc7 22.exd4 Nc6 23.Nf3 Rxa3 24.Qb5 Rb8 25.Ng3 Ra2 26.Qb3 Ra7 27.Qb5 Qf4 28.Ne2 Qd6 29.Ng3 Rba8 30.Re1 Qf4 
31.Ne2 Qf6 32.Red1 Bg4 33.Qxd5 Bxf3 34.Qxf3 Qxf3 35.gxf3 Rd8 36.Be4 Bb8 37.Rb5 f6 38.Rc1 Rc8 39.Rcb1 Na5 40.f4 Re8 
41.Bd5+ Kh7 42.Bf3 Re7 43.Nc3 Rd7 44.Nd5 f5 45.Rd1 Nc6 46.Rb3 Ra5 47.Nf6+ gxf6 48.Bxc6 bxc6 49.Rxb8 c5 50.d5 Ra4 
51.d6 Rxf4 52.Rc8 Rg4+ 53.Kf1 Rc4 54.Rc7 Rc2 55.Rxd7+ Kg6 56.Re7 Ra2 {mit Aufgabe Glasgow} 1-0

[Event "U1850"]
[Site "Warsingsfehn"]
[Date "2024.12.12"]
[Round "3.2"]
[White "Krypton Regency"]
[Black "AVE GMS Sargon 4.0"]
[Result "1-0"]
[WhiteElo "1768"]
[BlackElo "1755"]

1.d4 d5 2.Nf3 Nf6 {*} 3.c4 dxc4 4.e3 {*} 4...Qd5 5.Nc3 Qh5 6.Bxc4 Bf5 7.O-O e6 8.Qb3 b6 9.Nb5 Kd7 10.Ne5+ Kc8 
11.Qd1 Qxd1 12.Rxd1 a6 13.Nc3 Bg6 14.Bd2 Bd6 15.Be2 Nbd7 16.Bf3 Rb8 17.Nc6 Rb7 18.Be2 Bc2 19.Bxa6 Bxd1 20.Nxd1 Ne4 
21.Be1 h5 22.Nc3 Nxc3 23.Bxc3 f6 24.Na7+ Kb8 25.Nb5 h4 26.Bxb7 Kxb7 27.Nxd6+ cxd6 28.Bb4 d5 29.Rc1 e5 30.Bd6 Rc8 
31.Rxc8 Kxc8 32.dxe5 fxe5 33.Kf1 Kd8 34.Ke2 g5 35.Kf3 Ke8 36.Kg4 Nf6+ 37.Kf5 Ne4 38.Bxe5 Nxf2 39.Kxg5 h3 40.gxh3 Nxh3+ 
41.Kg4 Nf2+ 42.Kf5 Nd3 43.Ke6 Nb4 44.a3 Nc2 45.Kxd5 Nxe3+ 46.Kc6 Nc4 47.Bd4 Nd2 48.Bxb6 Nc4 49.a4 Nxb2 50.a5 Nd3 
51.a6 Nb4+ 52.Kb7 Nxa6 53.Kxa6 Kf7 54.Kb5 Kg6 55.Kc5 Kh5 56.Kd4 Kg4 57.Ke4 Kh3 58.Bc7 Kg4 59.Bg3 Kg5 60.h4+ Kg4 
61.Bf2 Kh5 62.Kf5 Kh6 63.Kg4 Kh7 64.Kg5 Kg8 65.Kg6 Kf8 66.h5 Ke7 67.h6 Ke6 68.h7 Kd6 69.h8=Q Ke6 70.Qc8+ Kd5 
71.Qc5+ Ke6 72.Qc4+ Kd6 73.Bg3+ Ke7 74.Qc7+ {mit Meldung # in 4} 74...Ke8 75.Qc6+ Ke7 76.Bh4+ Kf8 77.Qa8# 1-0

[Event "U1850"]
[Site "Warsingsfehn"]
[Date "2024.12.12"]
[Round "3.3"]
[White "Fidelity Prestige Challenger Budapest 4 MHz"]
[Black "Excalibur Igor"]
[Result "0-1"]
[WhiteElo "1816"]
[BlackElo "1826"]

1.b3 d5 2.Bb2 Bg4 {*} 3.h3 Bh5 4.Nf3 {*} 4...f6 5.Nc3 e5 6.e4 d4 7.Na4 c6 8.a3 b5 9.Be2 Bxf3 10.Bxf3 bxa4 
11.bxa4 Nd7 12.O-O Rb8 13.Ra2 Nb6 14.c3 Nc4 15.Bc1 d3 16.Bg4 Qd6 17.h4 Be7 18.Bf5 g6 19.Bh3 Nh6 20.Qf3 O-O 
21.h5 Nf7 22.hxg6 hxg6 23.Qg4 Ng5 24.Qd7 f5 25.Qxd6 Bxd6 26.exf5 Nxh3+ 27.gxh3 gxf5 28.Kh1 Kf7 29.Rg1 Rh8 
30.Rg5 Kf6 31.Rg3 e4 32.Ra1 Bxg3 33.fxg3 Rxh3+ 34.Kg2 Rbh8 35.g4 Rh2+ 36.Kf1 fxg4 37.Kg1 Nxd2 38.Bxd2 Rh1+ 
39.Kf2 Rxa1 40.Kg3 Kf5 41.Kg2 Ra2 42.Kg1 Rxd2 43.a5 Re2 44.c4 d2 45.Kf1 d1=Q# 0-1

[Event "U1850"]
[Site "Warsingsfehn"]
[Date "2024.12.12"]
[Round "3.4"]
[White "CXG Sphinx 40"]
[Black "Novag Superconstellation"]
[Result "1-0"]
[WhiteElo "1720"]
[BlackElo "1819"]

1.e4 c5 2.Nf3 d6 3.d4 cxd4 4.Nxd4 Nf6 5.Nc3 e6 6.Be2 a6 {*} 7.a4 {*} 7...Be7 8.O-O O-O 9.Bc4 d5 10.exd5 exd5 
11.Be2 Nc6 12.Re1 Bd7 13.Bf3 Nxd4 14.Qxd4 Be6 15.Bf4 Rc8 16.Rad1 Bc5 17.Qd3 Re8 18.Nxd5 Bxd5 19.Rxe8+ Qxe8 20.Bxd5 Qxa4 
21.Qf5 Bxf2+ 22.Kxf2 Rxc2+ 23.Kg3 Rxb2 24.Qc8+ Qe8 25.Rc1 Re2 26.Qxe8+ Nxe8 27.Bxb7 a5 28.Rc8 h6 29.Bc6 g5 30.Bd6 Kg7 
31.Rxe8 Rd2 32.Bf8+ Kg6 33.Ra8 Rd3+ 34.Bf3 f5 35.Kf2 g4 36.Be2 Rd5 37.Ra6+ Kh5 38.Bxh6 f4 39.Bxf4 Rg5 40.h3 Kh4 
41.Bxg4 Rd5 42.g3# 1-0

[Event "U1850"]
[Site "Warsingsfehn"]
[Date "2024.12.12"]
[Round "3.5"]
[White "SciSys Turbostar 432 KSO"]
[Black "Mephisto B&P"]
[Result "1/2-1/2"]
[WhiteElo "1798"]
[BlackElo "1764"]

1.d4 Nf6 2.c4 g6 3.Nc3 d5 4.cxd5 Nxd5 5.e4 Nxc3 6.bxc3 Bg7 {*} 7.Nf3 {*} 7...Nc6 8.Bb5 f5 9.Bxc6+ bxc6 10.Qa4 Bd7 
11.exf5 gxf5 12.Bf4 a6 13.O-O Qc8 14.Be5 O-O 15.Bxg7 Kxg7 16.Ne5 Be8 17.Rab1 h6 18.Rfe1 Rf6 19.f4 Re6 20.Qb3 Bd7 
21.c4 Rd6 22.Qg3+ Kh7 23.Nxc6 e6 24.Ne5 Be8 25.Qd3 c5 26.d5 exd5 27.cxd5 Bb5 28.Nc4 Qd7 29.Red1 Rg6 30.Qc3 Bxc4 
31.Qxc4 Rag8 32.Rb2 Qg7 33.Rdd2 Rxg2+ 34.Rxg2 Qxb2 35.Rxg8 Kxg8 36.Qxc5 Qb1+ 37.Kf2 Qxa2+ 38.Kg3 Qb3+ 39.Kh4 Qb2 40.Kh5 Qxh2+ 
41.Kg6 Qg2+ 42.Kxf5 Qh3+ 43.Kg6 Qg3+ 44.Kf5 Qh3+ 45.Kf6 Qh4+ 46.Kg6 Qg3+ 47.Kxh6 Qxf4+ 48.Kg6 Qg3+ 49.Kf6 Qf3+ 50.Ke5 Qe2+ 
51.Kd6 Qf1 52.Qa5 Qf6+ 53.Kd7 Qf5+ 54.Kd8 Qf4 55.Ke7 Qf7+ 56.Kd8 Qf4 57.Qa2 Qb8+ 58.Kd7 Qb7+ 59.Ke8 Qc8+ 1/2-1/2

[Event "U1850"]
[Site "Warsingsfehn"]
[Date "2024.12.12"]
[Round "4.1"]
[White "Mephisto B&P"]
[Black "Mephisto Mondial II"]
[Result "1-0"]
[WhiteElo "1764"]
[BlackElo "1770"]

1.Nc3 d5 2.d4 {*} 2...Nf6 {*} 3.Nf3 Bf5 4.Ne5 e6 5.Bf4 Bb4 6.Bg5 Bxc3+ 7.bxc3 h6 8.Bxf6 gxf6 9.Nf3 c5 10.e3 Qa5 
11.Qd2 c4 12.Be2 Rg8 13.Nh4 Bg4 14.f3 Bh5 15.g4 Bg6 16.Nxg6 fxg6 17.e4 Nc6 18.O-O Rd8 19.exd5 exd5 20.Rfe1 Kd7 
21.a4 Rde8 22.Rab1 Kc8 23.Rb5 Qxa4 24.Reb1 Re7 25.Rxd5 Rge8 26.Bf1 Re3 27.Rdb5 b6 28.d5 Na5 29.R5b4 Qa2 30.R1b2 Qa1 
31.Kf2 Kb7 32.d6 Re1 33.Bxc4 Rd1 34.Qf4 Nxc4 35.d7 Rf1+ 36.Kg3 Rg1+ 37.Kh4 g5+ 38.Kh5 Nxb2 39.dxe8=Q gxf4 40.Qd7+ Kb8 
41.Qd8+ Kb7 42.Qd7+ Ka6 43.Qc8+ Ka5 44.Qb7 Qf1 45.Rxb2 Qh3+ 46.Kg6 Rxg4+ 47.Kh7 Rg7+ 48.Kxg7 Qg2+ 49.Kf7 Qg8+ 50.Kxg8 a6 
51.Qxb6+ Ka4 52.Qxa6# 1-0

[Event "U1850"]
[Site "Warsingsfehn"]
[Date "2024.12.12"]
[Round "4.2"]
[White "Novag Superconstellation"]
[Black "SciSys Turbostar 432 KSO"]
[Result "1-0"]
[WhiteElo "1819"]
[BlackElo "1798"]

1.e4 e6 2.d4 d5 3.Nc3 Bb4 4.e5 c5 5.a3 Bxc3+ 6.bxc3 Qc7 7.Nf3 Ne7 8.Qd2 {*} 8...Qa5 {*} 9.c4 Qb6 10.cxd5 Nxd5 
11.c4 Ne7 12.d5 O-O 13.Bd3 exd5 14.cxd5 Nxd5 15.Bxh7+ Kxh7 16.Qxd5 Be6 17.Ng5+ Kg8 18.Qd3 f5 19.exf6 Rxf6 20.Qh7+ Kf8 
21.Qh8+ Bg8 22.Nh7+ Kf7 23.Nxf6 Qxf6 24.Qh5+ g6 25.Qd5+ Qe6+ 26.Qxe6+ Kxe6 27.Be3 Nd7 28.O-O-O b6 29.Rhe1 Nf6 30.Bxc5+ Kf5 
31.Bd4 Rc8+ 32.Kb2 Nd5 33.f3 Rd8 34.h4 g5 35.Re5+ Kf4 36.Rxg5 Re8 37.Be3+ Kxe3 38.Re1+ Kd3 39.Rxe8 Bf7 40.Rd8 Kc4 
41.Rg7 Be6 42.Rxa7 Kc5 43.h5 Bf5 44.g4 Kd4 45.gxf5 Ke5 46.h6 Nf6 47.h7 Nxh7 48.Rxh7 b5 49.Rb7 Kxf5 50.Rxb5+ Kf4 
51.Rd3 Kg3 52.a4 Kh2 53.f4 Kg1 54.f5 Kf2 55.f6 Ke1 56.Re5+ Kf2 57.f7 Kg2 58.f8=Q Kh2 59.Qf2+ Kh1 60.Rh5# 1-0

[Event "U1850"]
[Site "Warsingsfehn"]
[Date "2024.12.12"]
[Round "4.3"]
[White "Fidelity Prestige Challenger Budapest 4 MHz"]
[Black "CXG Sphinx 40"]
[Result "0-1"]
[WhiteElo "1819"]
[BlackElo "1720"]

1.c4 c5 2.Nf3 Nf6 3.d4 cxd4 4.Nxd4 {*} 4...a6 5.Nc3 e6 6.e4 Bb4 {*} 7.f3 e5 8.Nc2 Bxc3+ 9.bxc3 Qa5 10.Nb4 O-O 
11.Bg5 Qc5 12.Qd2 a5 13.Bxf6 gxf6 14.Nd3 Qc6 15.Be2 d6 16.Nf2 Be6 17.O-O Rd8 18.Rab1 Rd7 19.Qd3 Na6 20.Ng4 Bxg4 
21.fxg4 Nc5 22.Qd2 Nxe4 23.Qe1 Qc5+ 24.Kh1 Qe3 25.Rf3 Qd2 26.Bf1 d5 27.cxd5 Qxe1 28.Rxe1 Nd2 29.Rd3 Nxf1 30.Rxf1 Rad8 
31.c4 Kg7 32.Re3 b5 33.cxb5 Rxd5 34.b6 Rb5 35.Rg3 Rxb6 36.g5 Kf8 37.Re3 Rd5 38.Rfe1 fxg5 39.h4 Re6 40.hxg5 Kg7 
41.Kg1 Kg6 42.Rh3 Kxg5 43.Rxh7 Kg6 44.Rh3 e4 45.Rhe3 f5 46.g4 Rd2 47.a3 Kg5 48.gxf5 Kxf5 49.Rh3 Kf4 50.Rf1+ Kg4 
51.Re3 Rd3 52.Rfe1 Kf4 53.Kf2 Rxe3 54.Rxe3 Rb6 55.Rh3 Rb2+ 56.Ke1 a4 57.Rh4+ Ke3 58.Rh3+ Kd4 59.Rg3 Rb3 60.Rg4 Rxa3 
61.Rg6 Ra1+ 62.Ke2 Ra2+ 63.Kd1 e3 64.Rd6+ Kc4 65.Re6 Rd2+ 66.Ke1 Kd4 67.Rd6+ Kc3 68.Rc6+ Kb2 69.Rb6+ Kc1 70.Ra6 Ra2 
71.Rc6+ Kb1 72.Rb6+ Rb2 73.Ra6 Rb4 74.Ke2 Kb2 75.Kxe3 a3 76.Kd3 a2 77.Kd2 a1=Q 78.Rxa1 Kxa1 79.Kc3 Rb8 80.Kd3 Kb2 
81.Kd4 Kc2 82.Ke4 Kc3 83.Ke5 Kd3 84.Kd6 Re8 85.Kd5 Re4 86.Kc6 Kd4 87.Kd6 Re5 88.Kc7 Kd5 89.Kd7 Re4 90.Kc7 Re7+ 
91.Kb6 Rd7 92.Kb5 Rb7+ 93.Ka6 Rb2 94.Ka5 Kc6 95.Ka4 Kc5 96.Ka3 Rb4 97.Ka2 Rf4 98.Kb3 Rc4 99.Ka3 Kd4 100.Kb2 Rc3 
101.Ka2 Rc2+ 102.Kb3 Rc7 103.Kb4 Rb7+ 104.Ka5 Rb1 105.Ka4 Ke5 106.Ka3 Kd5 107.Ka4 Kc5 108.Ka3 Kc4 109.Ka2 Rb3 
110.Ka1 Kd3 111.Ka2 Kc2 112.Ka1 Ra3# 0-1

[Event "U1850"]
[Site "Warsingsfehn"]
[Date "2024.12.12"]
[Round "4.4"]
[White "Excalibur Igor"]
[Black "AVE GMS Sargon 4.0"]
[Result "1/2-1/2"]
[WhiteElo "1826"]
[BlackElo "1755"]

1.e4 e5 2.Nf3 Nc6 3.Bc4 Nf6 4.Ng5 d5 5.exd5 Na5 6.Bb5+ c6 7.dxc6 bxc6 8.Be2 h6 9.Nf3 e4 10.Ne5 Bd6 {*} 11.d4 exd3 12.Nxd3 {*} 
12...O-O 13.b4 Nc4 14.Nd2 Ne5 15.Nxe5 Bxe5 16.Rb1 Qd5 17.Bf3 Qe6 18.O-O Qd6 19.g3 Bh3 20.Re1 Rad8 21.Ne4 Qe6 
22.Nxf6+ Qxf6 23.Qe2 Bc3 24.Rd1 Rxd1+ 25.Qxd1 Be6 26.a3 Rd8 27.Qe2 Ba2 28.Rb3 Bxb3 29.cxb3 Be5 30.Be4 Qd6 
31.Bf3 c5 32.Qc4 cxb4 33.axb4 Qf6 34.Bd5 Qf5 35.b5 Qd7 36.Be4 Qd1+ 37.Kg2 Qe1 38.Bg6 Kh8 39.Bxf7 Bd4 40.f4 Qe4+ 
41.Kh3 Qf5+ 42.Kg2 Bb6 43.Be6 Qb1 44.Bg4 Kh7 45.Be2 Qg6 46.Ba3 Rd4 47.Qc6 Rd2 48.Qxg6+ Kxg6 49.Kf3 Kf5 50.Bc1 Rd8 
51.Bb2 Kg6 52.Be5 Bc5 53.h4 h5 54.Ke4 Rf8 55.Bc4 Bb4 56.Bd4 Re8+ 57.Kf3 Ra8 58.Bd5 Rc8 59.Bxa7 Rc3+ 60.Kg2 Kf5 
61.Bf2 Rc2 62.Bc4 Ke4 63.Bf7 Kf5 64.Kf1 Rc1+ 65.Ke2 Rc2+ 66.Kf3 Rc3+ 67.Kg2 Rc2 68.Kg1 Rc1+ 69.Kh2 Rc2 70.Kg1 Rc1+ 
71.Kg2 1/2-1/2

[Event "U1850"]
[Site "Warsingsfehn"]
[Date "2024.12.12"]
[Round "4.5"]
[White "Mephisto III-S Glasgow"]
[Black "Krypton Regency"]
[Result "1-0"]
[WhiteElo "1764"]
[BlackElo "1768"]

1.e4 c5 2.Nf3 Nc6 {*} 3.Bb5 Nf6 4.Nc3 {*} 4...Nd4 5.d3 a6 6.Bc4 b5 7.Nxd4 cxd4 8.Bd5 Ra7 9.Ne2 Nxd5 10.exd5 Bb7 
11.Nxd4 Bxd5 12.O-O e5 13.Re1 d6 14.Nf5 Be6 15.Ng3 Rc7 16.d4 exd4 17.Nf5 Qf6 18.Nxd4 Re7 19.Nc6 Rd7 20.a4 Rc7 
21.axb5 axb5 22.Ra8+ Kd7 23.Nd4 Rb7 24.Qd3 Bc4 25.Qe4 d5 26.Qg4+ Kc7 27.Bg5 Bd6 28.Bxf6 Rxa8 29.Qxg7 Kb6 30.b3 Bxb3 
31.Nxb3 Ra2 32.Bd4+ Kc6 33.Qh8 f5 34.Qc8+ Rc7 35.Qxf5 Rd7 36.f4 Rc7 37.Re8 Rd7 38.Rh8 Re7 39.Bf6 Re1+ 40.Kf2 Re4 
41.Rc8+ Bc7 42.Nd4+ Kb7 43.Qxd5+ Kxc8 44.Qf5+ Kb8 45.Qxe4 Ra6 46.Qf5 b4 47.Be7 h6 48.Bxb4 Kb7 49.c4 Rb6 50.Qd5+ Kc8 
51.Ba5 Rb2+ 52.Kf3 Bxa5 53.Qa8+ Kc7 54.Qa7+ Kc8 55.Qa6+ Kc7 56.Nb5+ Rxb5 57.Qxb5 Bc3 58.Qh5 Kb6 59.Qg6+ Kc5 60.Qxh6 Kxc4 
61.Qc6+ Kd3 62.Qxc3+ Kxc3 63.f5 Kd4 64.f6 Ke5 65.f7 Kd6 66.f8=Q+ Kc6 67.h4 Kd7 68.h5 Kc7 69.h6 Kb6 70.Qd6+ Kb7 
71.h7 Ka7 72.h8=Q Kb7 73.Qhb8# 1-0